01602nam a22003137a 4500003000400000005001700004008004100021040002200062082001800084100003200102245004300134260004700177300001900224366000800243490001300251505012600264505038300390505000900773650004600782650005000828650004400878650004800922650004300970650005501013650004701068942002901115999001501144952012901159OSt20230503171847.0221006b |||||||| |||| 00| 0 eng d cBiblioteca Lado V a709.05bR643f 9825aRoberts, Jameseeditor aFrieze/bContemporary Art And Culture/ bDurian Publications Ltd.aInglaterrac2005 c23x30cma152p. eeng a93v2005 tFONTaState of the Art Letters View from the bridge Laughter tears Informant Debate Books Film Events Technology tBACKaREVIEWS John Baldessari Folk Archive Barry McGee The Invisible Insurrection of Million Minds Enrico David Mike Bouchet Be What you want but stay where you are Rachel Harrison Dionysiac George Herold Jeff Wall Daniel Sinsel Cildo Meireles Lucio Nogueria Will Rogan Icestorn Steven Claydon Tim Hawkinson Clegg & Guttmann Jordan Baseman From the Archives tBACK 2Tesauro de Arte & ArquitecturaaARTE9703 2Tesauro de Arte & ArquitecturaaEXPOSICIONES  2Tesauro de Arte & ArquitecturaaCULTURA 2Tesauro de Arte & ArquitecturaaAPRECIACION 2Tesauro de Arte & ArquitecturaaTEORIA 2Tesauro de Arte & ArquitecturaaARTE CONTEMPORANEO 2Tesauro de Arte & ArquitecturaaINGLATERRA 2ddcc1h709.05iR643fn0 c3555d3555 00102ddc3200540708RevistasaLVbLVd2023-05-03h93i003379l0o709.05 R643fp003379r2023-05-03 00:00:00w2023-05-03y1